Nền tảng công nghệ : Hướng đi mới dành cho doanh nghiệp trong thời đại 4.0 = Chasing digital : A playbook for the new economy

Nội dung sách chia sẻ những kinh nghiệm cần thiết giúp cho các doanh nghiệp tồn tại và phát triển trong thời đại kỹ thuật số 4.0: những chiến lược thành công, thiết kế tổ chức, văn hoá, dữ liệu, nền tảng, hệ thống thông minh, quản lý đa...

Mô tả đầy đủ

Đã lưu trong:
Chi tiết về thư mục
Tác giả chính: Stevens, Anthony
Tác giả khác: Strauss, Louis, Hàn Dương (Dịch)
Định dạng: Sách
Ngôn ngữ:Vietnamese
Được phát hành: H. Công Thương ; Công ty Văn hoá và Truyền thông 1980 Books 2019
Những chủ đề:
Các nhãn: Thêm thẻ
Không có thẻ, Là người đầu tiên thẻ bản ghi này!
Thư viện lưu trữ: Thư viện Trường Đại học Nam Cần Thơ
LEADER 01847nam a22002417a 4500
001 NCT_4_016539
008 250116b xxu||||| |||| 00| 0 vie d
999 |c 8789  |d 8789 
020 |a 9786049319419  |c 149000 
082 0 4 |2 23rd ed.  |a 658.4062  |b S844 
100 1 |a Stevens, Anthony 
245 1 0 |a Nền tảng công nghệ :   |b Hướng đi mới dành cho doanh nghiệp trong thời đại 4.0 = Chasing digital : A playbook for the new economy  |c Anthony Stevens, Louis Strauss ; Hàn Dương (Dịch) 
260 |a H.  |b Công Thương ; Công ty Văn hoá và Truyền thông 1980 Books  |c 2019 
300 |a 347 tr.  |b Minh hoạ  |c 20 cm 
520 3 |a Nội dung sách chia sẻ những kinh nghiệm cần thiết giúp cho các doanh nghiệp tồn tại và phát triển trong thời đại kỹ thuật số 4.0: những chiến lược thành công, thiết kế tổ chức, văn hoá, dữ liệu, nền tảng, hệ thống thông minh, quản lý đầu tư, xử lý rủi ro công nghệ, lời khuyên dành cho hội đồng quản trị và các giám đốc. 
653 |a Truyền thông đa phương tiện 
700 1 |a Strauss, Louis 
700 1 |a Hàn Dương  |e Dịch 
942 |2 ddc  |c BK 
952 |0 0  |1 0  |2 ddc  |4 0  |6 658_406200000000000_S844  |7 0  |9 30221  |a 000001  |b 000001  |d 2025-01-20  |o 658.4062 S844  |p MD.23357  |r 2025-01-20  |v 149000.00  |w 2025-01-20  |y BK 
952 |0 0  |1 0  |2 ddc  |4 0  |6 658_406200000000000_S844  |7 0  |9 30222  |a 000001  |b 000001  |d 2025-01-20  |o 658.4062 S844  |p MD.23358  |r 2025-01-20  |v 149000.00  |w 2025-01-20  |y BK 
952 |0 0  |1 0  |2 ddc  |4 0  |6 658_406200000000000_S844  |7 0  |9 30223  |a 000001  |b 000001  |d 2025-01-20  |o 658.4062 S844  |p MD.23359  |r 2025-01-20  |v 149000.00  |w 2025-01-20  |y BK 
980 |a Thư viện Trường Đại học Nam Cần Thơ